ការបណ្ដុះផ្សិតអំបោះ / (Record no. 1473)

MARC details
000 -LEADER
fixed length control field 01438nam a22002777a 4500
005 - DATE AND TIME OF LATEST TRANSACTION
control field 20231002134052.0
020 ## - INTERNATIONAL STANDARD BOOK NUMBER
International Standard Book Number 9789995054083
040 ## - CATALOGING SOURCE
Original cataloging agency FISKH
Language of cataloging eng
Transcribing agency FISKH
Modifying agency FISKH
082 ## - DEWEY DECIMAL CLASSIFICATION NUMBER
Classification number 635.8
100 ## - MAIN ENTRY--PERSONAL NAME
Personal name Dary, Heng
245 ## - TITLE STATEMENT
Title ការបណ្ដុះផ្សិតអំបោះ /
250 ## - EDITION STATEMENT
Edition statement បោះពុម្ពលើកទី ៦ ឆ្នាំ ២០២១​
260 ## - PUBLICATION, DISTRIBUTION, ETC.
Place of publication, distribution, etc. Phnom Penh :
Name of publisher, distributor, etc. Sipar,
Date of publication, distribution, etc. 2021.
300 ## - PHYSICAL DESCRIPTION
Extent 52 pages :
Other physical details color illustrations ;
Dimensions 29 cm
490 ## - SERIES STATEMENT
Series statement បំណិនជីវិត
505 ## - FORMATTED CONTENTS NOTE
Formatted contents note Z'<br/>
520 ## - SUMMARY, ETC.
Summary, etc. បង្ហាញអំពីរបៀបសង់រោងបណ្ដុះផ្សិតអំបោះ រហូតដល់ការប្រមូលផល និងមានវិធីចម្អិនផ្សិតដើម្បីធ្វើម្ហូប សាមញ្ញៗសម្រាប់បរិភោគក្នុងគ្រួសារ។
520 ## - SUMMARY, ETC.
Summary, etc. Introduce how to build a Pleurotus ostreatus house's until the harvest and how to cook Pleurotus ostreatus to make simple dishes for family consumption.<br/>
521 ## - TARGET AUDIENCE NOTE
Target audience note 1120<br/>
Source Lexile estimate<br/><br/><br/><br/>
521 ## - TARGET AUDIENCE NOTE
Target audience note Z'<br/><br/>
Source Raz-Plus<br/>
650 ## - SUBJECT ADDED ENTRY--TOPICAL TERM
Topical term or geographic name entry element ផ្សិតអំបោះ​
Form subdivision សង់រោង
General subdivision ប្រមូល
650 ## - SUBJECT ADDED ENTRY--TOPICAL TERM
Topical term or geographic name entry element Pleurotus ostreatus
Form subdivision Build a house
General subdivision Harvest
700 ## - ADDED ENTRY--PERSONAL NAME
Personal name Sophaleap, Nhoek
Titles and other words associated with a name illustrator
942 ## - ADDED ENTRY ELEMENTS (KOHA)
Source of classification or shelving scheme Dewey Decimal Classification
Koha item type Books
Suppress in OPAC No
999 ## -
-- 1473
-- 1473
Holdings
Withdrawn status Lost status Source of classification or shelving scheme Damaged status Not for loan Collection Home library Current library Shelving location Date acquired Total Checkouts Full call number Barcode Date last seen Copy number Price effective from Koha item type
    Dewey Decimal Classification     Khmer Non-Fiction / សៀវភៅខ្មែរ រឿងពិត Footprints International School Library Network Toul Kork Campus Footprints International School Library Network Toul Kork Campus   08/25/2023   DAR 635.8 2023-0375 08/25/2023 1 08/25/2023 Books
    Dewey Decimal Classification     Khmer Non-Fiction / សៀវភៅខ្មែរ រឿងពិត Footprints International School Library Network Toul Tom Poung Campus Footprints International School Library Network Toul Tom Poung Campus TTP Secondary Khmer Bookshelves 08/25/2023   DAR 635.8 2023-0376 08/25/2023 2 08/25/2023 Books